| 000 | 00528nam a2200205 a 4500 | ||
|---|---|---|---|
| 001 | BRCA_6528 | ||
| 005 | 20190320205506.0 | ||
| 008 | 280911s1913----enka######---#000-0#eng-# | ||
| 041 | _aeng | ||
| 044 | _aenk | ||
| 050 | 4 |
_aGV849 _b.S94 1913 |
|
| 100 | 1 |
_aSyers, E. M. _916291 |
|
| 245 | 1 | 0 |
_aThe art of skating (international style) _cE. M. Syers. |
| 260 |
_aLondres _bHorance Cox _c1913 |
||
| 300 |
_axii, 44 p. _bil., 20 láminas _c16 cm. |
||
| 500 | _aL69 | ||
| 650 | 1 | 4 |
_aPatinaje _916292 |
| 902 | _aGFM | ||
| 942 |
_2lcc _cB |
||
| 999 |
_c6212 _d6212 |
||